Acroniemen met vijf letters - Statistieken

Algemene statistieken
  • Deze quiz is 165 keer genomen
  • De gemiddelde score is 4 van 20
Antwoordstatistieken
Omschrijving Acroniem % Correct
Virus dat eind 2019 op de proppen kwam COVID
90%
Initialen van de Partij van Hitler NSDAP
50%
Lichtbron met zeer smalle en krachtige bundel LASER
41%
President van de VS (Engels) POTUS
41%
Britse Filmprijzen BAFTA
35%
Gebruikt radiogolven om objecten te lokaliseren RADAR
33%
Gebruikt geluidsgolven om objecten te lokaliseren SONAR
33%
De vijf klassen om dieren in te delen (alfabetisch) ARVVZ
20%
Principe waarbij je iets niet in je achtertuin wilt NIMBY
19%
Internetprotocol voor veilige uitwisseling van gegevens HTTPS
18%
Organisatie van Belgische zelfstandigen UNIZO
10%
Organisatie met Zuid-Aziatische landen ASEAN
9%
Belgische vereniging van auteurs SABAM
9%
Vluchtelingenorganisatie van de VN UNHCR
9%
Handelsakkoord tussen de VS, Canada en Mexico NAFTA
8%
Fonds voor zieken en invaliden RIZIV
5%
Nederlandse warenhuisketen WIBRA
3%
Striktere taal voor websites te maken XHTML
2%
Vlaamse Koepel van Universiteiten en Hoge Scholen VLUHR
0%
Organisatie van het Vlaams Secundair Onderwijs VVKSO
0%
Geen overeenkomende quizzen gevonden
Scoreverdeling
Procent van Mensen met Elke Score
Percentiel versus Aantal Correcte Antwoorden
Uw Scoregeschiedenis
U heeft deze quiz nog niet genomen